| 000 | 01627nam a2200205Ia 4500 | ||
|---|---|---|---|
| 003 | Ost | ||
| 005 | 20260507075611.0 | ||
| 008 | 260507s9999||||xx |||||||||||||| ||und|| | ||
| 020 | _a9789961017333 | ||
| 040 | _cfsecg | ||
| 041 | _aara | ||
| 082 | _a305.56 | ||
| 100 |
_aالموسوي، ضياء مجيد _eمؤلف |
||
| 245 | 0 |
_aدراسة في الخروج من أزمة البطالة والسكن والعنوسة / _c ضياء مجيد الموسوي |
|
| 260 |
_aالجزائر: _bديوان المطبوعات الجامعية, _c2015 |
||
| 300 |
_a71 صفحة؛ _bإيضاحات ؛ _c22 سم |
||
| 520 | _aفي هذا الكتاب اقترحت العودة الى العمارة القديمة لحل مشكلة السكن والعنوسة، إذ تتسع منازلها لإيواء عذة عوائل بعد ازواج الذكور من أبناء العائلة وبقائهم في مسكن العائلة مع الوالدين حتى يكبر الأطفال، كما اقترحت نظام الخراج ليكون حلا لعدة مشاكل. فيكون بمثابة الزيادة في الأجور . ومن ثم تنتهي مهزلة الاحتجاجات المطالبة بزيادتها . ويكون بمثالة إعانات بطالة تدفع للعاطلين عن العمل فتنتهي مطالبة الحكومة في إيجاد فرص عمل لهم، كما أن توزيع الخراج يقضي على مشكلة الفقر ويحقق العدالة الاجتماعية والاقتصادية في توزيع الدخل القومي. | ||
| 653 | _aأزمة العنوسة | ||
| 942 | _cكتاب | ||
| 999 |
_c45071 _d45071 |
||